Simmental - Simbrah Colombia (Registro nro. 20823)
[ vista simple ]
| 000 -CABECERA | |
|---|---|
| Campo de control | 00768nam a22002177a 4500 |
| 005 - FECHA Y HORA DE LA ULTIMA TRANSACCION | |
| Campo de control | 20200207160949.0 |
| 008 - ELEMENTOS DE LONGITUD FIJA—INFORMACION GENERAL | |
| Campo de control | 200207b xxu||||| |||| 00| 0 spa d |
| 022 ## - ISSN | |
| ISSN | 19092873 |
| 040 ## - FUENTE DE CATALOGACIÓN | |
| Agencia catalogadora original | CO-BoIAVH |
| Agencia transcriptora | CO-BoIAVH |
| 041 ## - IDIOMA | |
| Código de idioma para texto/pista de sonido o título separado | Español |
| 044 ## - PAÍS DE PUBLICACIÓN | |
| País de publicación | Colombia |
| 082 ## - NUMERO DE CLASIFICACION DECIMAL DEWEY | |
| Número de clasificación | 636.201 |
| Número del ítem | A83s |
| 110 ## - ASIENTO PRINCIPAL--NOMBRE CORPORATIVO | |
| 9 (RLIN) | 102593 |
| Nombre corporativo o de jurisdicción como elemento de entrada | Asociación Colombiana de Criadores de Ganado Simmental-Simbrah y Cruces |
| 245 ## - MENCION DE TITULO | |
| Título | Simmental - Simbrah Colombia |
| Mención de responsabilidad | Asociación Colombiana de Criadores de Ganado Simmental-Simbrah y Cruces |
| 260 ## - PUBLICACION, DISTRIBUCION, ETC. (PIE DE IMPRENTA) | |
| Lugar de publicación, distribución, etc. | s.l: |
| Nombre del editor, distribuidor, etc. | Genética Austria, |
| -- | Fedegan, |
| Fecha de publicación, distribución, etc. | 2014. |
| 300 ## - DESCRIPCION FISICA | |
| Extensión | 55 páginas, |
| Otros detalles físicos | Fotografías e ilustraciones, |
| Dimensiones | 28.6 x 24.4 cm |
| 650 #0 - ASIENTO SECUNDARIO DE MATERIA - TERMINO TEMATICO | |
| 9 (RLIN) | 102594 |
| Término temático o nombre geográfico como elemento de entrada | Haciendas ganaderas |
| 650 #0 - ASIENTO SECUNDARIO DE MATERIA - TERMINO TEMATICO | |
| 9 (RLIN) | 13925 |
| Término temático o nombre geográfico como elemento de entrada | Ganadería |
| 650 #0 - ASIENTO SECUNDARIO DE MATERIA - TERMINO TEMATICO | |
| 9 (RLIN) | 102595 |
| Término temático o nombre geográfico como elemento de entrada | Ganado específico |
| 942 ## - ELEMENTOS ADICIONALES (KOHA) | |
| Sistema de clasificación | Dewey Decimal Classification |
| Tipo de ítem | Libro |
| Withdrawn status | Lost status | Sistema de Clasificación | Damaged status | No para préstamo | Colección | Ubicación Permanente | Ubicación actual | Fecha de adquisición | Total Checkouts | Número topográfico | Inventario / Código de Barras | Date last seen | Ejemplar | Price effective from | Forma de adquisición | Tipo de material |
|---|---|---|---|---|---|---|---|---|---|---|---|---|---|---|---|---|
| Dewey Decimal Classification | General | Bogotá | Bogotá | 07/02/2020 | LB-636.201 A83s | 044081 | 07/02/2020 | Ej. 1 | 07/02/2020 | Donación | Libro |